000 00360nam a2200133Ia 4500
008 240624s9999 xx 000 0 und d
041 _aeng
082 _a658.4038 RYL
100 _aRYLATT ALASTAIR
245 _aWINNING THE KNOWLEDGE GAME SMARTER LEARN
260 _c2003
_aBoston
_bButterworth Heinemann
300 _axix, : 206 : p. : cm. ; 23
365 _c
_b35
999 _c5871
_d5871